000 00660nam a2200181 a 4500
020 _a2859442022 (Sorbonne)
040 _cDLC
082 0 0 _a630 INS 1992 A090 Or.
245 0 2 _aL'enseignement agricole et vétérinaire de la Révolution à la Libération :
_btextes officiels avec introduction, notes et annexes /
260 _aParis :
_bInstitut national de recherche pédagogique :
_bPublications de la Sorbonne,
_c1992.
300 _acxlv, 745 p. :
_bill. ;
_c24 cm.
650 0 _aAgricultural education
650 0 _aVeterinary medicine
700 1 _aCharmasson, Thérèse.
700 1 _aLelorrain, Anne-Marie.
700 1 _aRipa, Yannick.
942 _cFB
999 _c16004
_d16004